000 00484nam a2200157Ia 4500
008 160316s2001 xxu||||| |||| 00| 0 eng d
082 _a344.013400
_bCAC
100 _a
245 _aBut the other half - a collection of information on child labour in domestic and hotel sectors
250 _a
260 _aMysore
_bCampaign Against Child Labour
_c2001
300 _a167
_b
_c
365 _b
650 _a1. child labour 2. girl child 3. domestic and hotel sectors
700 _a
_a
999 _c33808
_d33808